00988nam a2200157 a 4500008004100000020001800041041000800059100002100067245004600088250001200134260002400146300001100170500007300181505056100254655001500815200311s2007 es ||||cr|||| 000 1 spa d a9788434850538 aspa1 aBordons, Paloma.3 aLa tierra de las papas /cPaloma Bordons. a20a ed. aMadrid:bSM;c2007. a142 p. aBordons, P. (2007). La tierra de las papas. (20a ed.). Madrid : SM.  aA Marìa se le cae el mundo encima cuando su padre le dice que se van a vivir a Bolivia. Lo primero, declararle la guerra frìa; lo segundo, consultar en la enciclopedia. Lo tercero ...hacer las maletas... Paloma Bordons (Madrid, 1964)estudio ingenieria tècnica forestal y filologia hispànica. Tras vivir en Bolivia donde escribio esta novela-, actualmente reside en Argentina. Ediciones SM ha publicado tambièn sus libros La se orita Pepota, Quiero ser famosa, Mico, Chis y Garab s, rame una vez, La recaraba, En casa de los Colodrillo y De noche. aLiteratura